| 000 | nam a22 a 4500 | ||
|---|---|---|---|
| 999 |
_c4282 _d4282 |
||
| 003 | AKMAL | ||
| 005 | 20170526115004.0 | ||
| 008 | 170526s1994 my 00 eng d | ||
| 020 |
_a967890618X (pbk.): _cRM 32.50 |
||
| 082 | 0 | 4 | _a347.59506 LAW |
| 090 |
_a347.59506 _bLAW |
||
| 100 | 1 |
_aZafer, M. R. _98355 |
|
| 245 | 1 | 0 |
_aLaw of evidence in Malaysia : _ban outline / _cProf. M.R. Zafer ; foreword by Prof. Tan Sri Datuk Ahmad Ibrahim |
| 260 |
_aKuala Lumpur : _bInternational Law Book, _c1994 |
||
| 300 |
_aiv, 127p. ; _c23cm |
||
| 650 |
_aEvidence (Law) _zMalaysia _98308 |
||
| 700 | 0 |
_aAhmad Ibrahim, _cTan Sri Datuk, _d1916- _93753 |
|
| 942 |
_2ddc _cBOOK |
||